Muhteşem Ambersonlar (Record no. 12276)

000 -LEADER
fixed length control field 00974nmm a2200289 a 4500
001 - CONTROL NUMBER
control field ocm000984864
003 - CONTROL NUMBER IDENTIFIER
control field TR-IsHL
005 - DATE AND TIME OF LATEST TRANSACTION
control field 20201028153851.0
008 - FIXED-LENGTH DATA ELEMENTS--GENERAL INFORMATION
fixed length control field 150709s2013 tu tur
007 - PHYSICAL DESCRIPTION FIXED FIELD--GENERAL INFORMATION
fixed length control field cr cn
020 ## - INTERNATIONAL STANDARD BOOK NUMBER
International Standard Book Number 9786055831493
035 ## - SYSTEM CONTROL NUMBER
System control number 984864
-- (N$T)
050 04 - LIBRARY OF CONGRESS CALL NUMBER
Classification number PS2972.T187
Item number M8419 2013
090 04 - LOCALLY ASSIGNED LC-TYPE CALL NUMBER (OCLC); LOCAL CALL NUMBER (RLIN)
Classification number (OCLC) (R) ; Classification number, CALL (RLIN) (NR) PS2972.T187
Local cutter number (OCLC) ; Book number/undivided call number, CALL (RLIN) M8419 2013
100 1# - MAIN ENTRY--PERSONAL NAME
Personal name Tarkington, Booth
245 10 - TITLE STATEMENT
Title Muhteşem Ambersonlar
Medium [electronic resource] /
Statement of responsibility, etc. Booth Tarkington ; Türkçesi Esra Çıldır
260 ## - PUBLICATION, DISTRIBUTION, ETC.
Place of publication, distribution, etc. İstanbul :
Name of publisher, distributor, etc. Altın Bilek Yayınları,
Date of publication, distribution, etc. 2013
300 ## - PHYSICAL DESCRIPTION
Extent 367 p.
500 ## - GENERAL NOTE
General note Özgün adı : The Magnificent Ambersont
International Standard Serial Number (SE) [OBSOLETE]
650 #4 - SUBJECT ADDED ENTRY--TOPICAL TERM
Topical term or geographic name entry element Dil ve Edebiyat
650 #4 - SUBJECT ADDED ENTRY--TOPICAL TERM
Topical term or geographic name entry element Language and Literature
650 #0 - SUBJECT ADDED ENTRY--TOPICAL TERM
Topical term or geographic name entry element Amerikan romanı
650 #0 - SUBJECT ADDED ENTRY--TOPICAL TERM
Topical term or geographic name entry element American fiction
650 #7 - SUBJECT ADDED ENTRY--TOPICAL TERM
Topical term or geographic name entry element LITERARY COLLECTIONS / American / General
Source of heading or term bisacsh
700 1# - ADDED ENTRY--PERSONAL NAME
Personal name Çıldır, Esra
856 40 - ELECTRONIC LOCATION AND ACCESS
Uniform Resource Identifier <a href="http://search.ebscohost.com/login.aspx?direct=true&scope=site&db=e011xww&AN=984864">http://search.ebscohost.com/login.aspx?direct=true&scope=site&db=e011xww&AN=984864</a>
Holdings
Withdrawn status Lost status Source of classification or shelving scheme Damaged status Not for loan Collection code Permanent Location Current Location Date acquired Total Checkouts Full call number Barcode Date last seen Price effective from Koha item type
        Online   Kıbrıs Amerikan Üniversitesi Kütüphanesi / American University of Cyprus Kıbrıs Amerikan Üniversitesi Kütüphanesi / American University of Cyprus 28.10.2020   PS2972.T187 M8419 2013 984864 28.10.2020 28.10.2020 E-Kitap
Devinim Yazılım Eğitim Danışmanlık tarafından Koha'nın orjinal sürümü uyarlanarak geliştirilip kurulmuştur.